00000000nam##2200000za#4500
0019.615776
003CaOODSP
00520210615101301
007ta
008150406|2001||||xxc|||||     f|0| 0 eng|d
040 |aCaOODSP|beng
043 |an-cn---
0861 |aH113-6/2001-3E
1101 |aCanada. |bPest Management Regulatory Agency.
24510|aPrimisulfuron-methyl
260 |aOttawa - Ontario : |bHealth Canada. |c2001.
300 |a5p. ; |c28 cm.
4901 |aRegulatory decision document |vRDD2001-03
500 |a"This decision document outlines this stage of the PMRA's regulatory decision-making process concerning the use of primisulfuron-methyl (Beacon 75 WG) for control of quackgrass and specific broadleaf weeds in field corn."--Introduction.
5203 |aThis decision document outlines this stage of the PMRA's regulatory decision-making process concerning the use of primisulfuron-methyl (Beacon 75 WG) for control of quackgrass and specific broadleaf weeds in field corn.--Introduction
563 |aSoftcover
590 |a01-41|b2001-10-12
69007|aHerbicides|2gcpds
69007|aWeeds|2gcpds
77508|tPrimisulfuron-méthyl |w(CaOODSP)9.625795
7760#|tPrimisulfuron-methyl |w(CaOODSP)9.572695
830#0|aRegulatory decision document ;|vRDD2001-03|w(CaOODSP)9.514701